000 00837cam a22002777a 4500
003 CHAP
005 20220329140213.0
008 971013s1942 r 00010 d
010 _a48516
011 _a49488
035 _a53637
040 _cCHAP
082 _a581.16
_bS35
100 0 0 _aSalisbury, E. J.
_9101736
245 1 4 _aThe reproductive capacity of plants, studies in quantitative biology
260 _aLondon :
_bBell,
_c1942
300 _a244 p.
_b: ilus.
590 _aBATCH-UPD
_b10
_c20130110
_lUCH01
_h1602
590 _aBATCH-UPD
_b10
_c20130410
_lUCH01
_h0959
590 _aBATCH-UPD
_b10
_c20130914
_lUCH01
_h1943
590 _aCONVERSION
_b10
_c20130109
_lUCH01
_h1326
650 1 4 _aPropagación de plantas.
_992417
901 _aBK
942 _cLIBRO
949 _a581.16 S35
_bBC
_cLIBRO
_d-118824
_eLIBRO
_h9353
_i53637
_si
999 _c48516
_d48516